| 000 | 00404nam a2200181Ia 4500 | ||
|---|---|---|---|
| 001 | 13713 | ||
| 005 | 20260306164821.0 | ||
| 008 | 260306t2008||||xx |||||||||||||| ||spa|| | ||
| 041 | _aESP | ||
| 082 |
_a005.133A _bZ914 |
||
| 100 |
_aZakas, Nicholas C. _eAUT |
||
| 245 | 0 | _aAjax | |
| 260 | _c2008 | ||
| 300 |
_a448 páginas : _c23 cm. |
||
| 650 | _aGEN | ||
| 654 | _aCCC | ||
| 942 |
_cLIB _dJUS _fJUS _2ddc _n |
||
| 999 |
_c13713 _d13713 |
||